00416nam a22001572 4500001001100000005001700011008004100028040001500069100003100084245004700115250001300162260003700175300001600212650002700228852000300255000002396620151217152253.0130423s xx 000 0 eng d aKABUcKABU1 aBoyd, William.@000015223410aPathology for the surgeon /cWilliam Boyd. a7th ed. aLondon :bW. B. Saunders,c1955. avi, 737 p. 0aPathology.@00001782771